000 00638nam a2200229 i 4500
001 C2-0071808
003 PPAK
005 20190630222201.0
008 970429s1980 vtua|||| ||||| | eng d
040 _aPPAK
_beng
_cPPAK
_erda
082 0 4 _a746.751
_223
090 0 0 _a746.751
_bHAC
_dG
100 1 _aHackmack, Adolf,
_eauthor
245 1 0 _aChinese carpets and rugs
264 1 _aRutland, Vermont :
_bChatles E. Tuttle Co. ,
_c1980
300 _axiii, 48 pages :
_billustrations ;
_c27 cm
336 _2rdacontent
_atext
337 _2rdamedia
_aunmediated
338 _2rdacarrier
_avolume
650 1 0 _aRugs - China
942 _ddc
_cB
999 _c9026
_d9026